000 01370cam a22003495i 4500
999 _c301
_d301
003 EG-ScBUE
005 20200209122750.0
008 100913t20052005nyu f b 001 0 eng d
020 _a0321245512 (Literature)
020 _a9780321245519 (Literature)
020 _a9780321183309 (Literature Interactive)
020 _a 0321183304 (Literature Interactive)
040 _aEG-ScBUE
_beng
_erda
_cEG-ScBUE
_dEG-ScBUE
082 0 4 _a808
_bKEN
_222
100 1 _aKennedy, X. J.,
_eauthor.
_918877
245 0 0 _aLiterature :
_ban introduction to fiction, poetry, and drama /
_cX. J. Kennedy, Dana Gioia.
250 _aNinth edition.
250 _aInteractive edition.
264 1 _aNew York :
_bPearson / Longman,
_c[2005]
264 4 _cc2005
300 _a1 v. (various pagings) ;
_c25 cm
336 _atext
_btxt
_2rdacontent
337 _aunmediated
_bn
_2rdamedia
338 _avolume
_bnc
_2rdacarrier
504 _aIncludes bibliographical references and index.
520 _aOffers an introduction to the genres of fiction, poetry and drama, reflecting a balance of canonical works along with contemporary and non-Western literatures. The text includes works by Emily Dickinson and Langston Hughes.
650 7 _aLiterature
_vCollections.
_2BUEsh
651 _2BUEsh
653 _bHHUUEENN
_cJuly2019
700 1 _aGioia, Dana,
_eauthor.
_918878
942 _2ddc
_cBB